LEADER 01235nam a2200289 i 4500 001 000000141006 003 CaOOAMICUS 005 20050711000000.0 008 050711s2005 it u000 u ita u 013 $a115235 020 $a88-11-60040-5 040 $aSeMil$bita 100 1 $aRorty, Richard <1931-2007>.$0(OLS)http://semarc/name/13128 245 13$aIl futuro della religione :$bSolidarietà, carità, ironia /$cRichard Rorty, Gianni Vattimo ; a cura di Santiago Zabala. 260 $aMilano :$bGarzanti,$cCopyr. 2005. 300 $a93 p. ;$c21 cm. 490 0 $aSaggi 650 4$aFilosofia della religione.$0(OLS)http://semarc/subject/504 700 1 $aZabala, Santiago.$0(OLS)http://semarc/name/9395 700 1 $aVattimo, Gianni,$d<1936- >.$0(OLS)http://semarc/name/3579 830 0$aSaggi.$0(OLS)http://semarc/title/341 850 $aSeMil 852 $aSeMil$W1$xVenegono$y1$m2R II 10$j94276$B94276$CSeMilBibl$Z2$F99891 $81 961 $aOmaggio: Bressan don Luca 996 $6020$a88-11-60040-5$9(OLS)http://semarc/number/129175 996 $6245$aIl futuro della religione :$bSolidarietà, carità, ironia$9(OLS)http://semarc/title/206049 996 $6260$aMilano :$bGarzanti$9(OLS)http://semarc/publisher/29852 LEADER 01900nam a2200277 i 4500 001 000000029914 003 CaOOAMICUS 005 20180830125448.0 008 180830s1975 fr u000 u und u 040 $aSeMil$bita 100 1 $aBérulle, Pierre : de,$c.$0(OLS)http://semarc/name/13670 245 10$aOeuvres complètes /$cPierre de Bérulle. 260 $aParis :$bOratoire de Jésus,$c1975. 260 $aParis :$bLes Éditions du Cerf,$c1975. 300 $a8 v. ;$c20 cm. 650 4$aBérulle, Pierre : de - Opere.$0(OLS)http://semarc/subject/4788 774 0 $aBérulle, Pierre : de $tConférences et fragments. 1, Collationes.$z2204051640$g1$w()229795 774 0 $aBérulle, Pierre : de $tCourts traités.$z2204059129$g6$w()229801 774 0 $aBérulle, Pierre : de $tConférences et fragments. 3, Oeuvres de piété, 1-165.$z2-204-05380-5$g3$w()229803 774 0 $aBérulle, Pierre : de $tConférences et fragments. 4, Oeuvres de piété, 166-385.$z2-204-053801-3$g4$w()229805 774 0 $aBérulle, Pierre : de $tConférences et fragments. 5, Notes et entretiens, ordonnances des visites canoniques.$z2-204-05164-0$g5$w()229807 774 0 $aBérulle, Pierre : de $tDiscours de l'état et des grandeurs de Jésus ; 1. Adresse au roi et au lecteur, Préface, Texte des discours.$z2-204-05517-4$g7$w()229817 774 0 $aBérulle, Pierre : de $tDiscours de l'état et des grandeurs de Jésus ; 2. Narré Vie, de Jésus, Elévations.$z2-204-05518-2$g8$w()229818 996 $6245$aOeuvres complètes$9(OLS)http://semarc/title/2124 996 $6260$aParis :$bLes Éditions du Cerf$9(OLS)http://semarc/publisher/29611 996 $6260$aParis :$bOratoire de Jésus$9(OLS)http://semarc/publisher/38283